Estatísticas para Cultura Geral

Clique aqui para jogar o quiz

Estatísticas Gerais

  • Esse quiz foi jogado 4 vezes
  • A pontuação média é 6 de 15

Estatísticas das Respostas

HintResposta% Correto
Que nome damos ao acessório que simula cabelo natural?Peruca
100%
Que nome damos a uma pessoa que não faz parte de forças armadas?Civil
75%
Que nome damos á estrutura dura, saliente e esbranquiçada localizada na boca?Dentes
75%
Que nome damos a qualquer coisa benéfica que acontece a alguém por acaso?Sorte
75%
Que nome damos á condição ou estado pessoal em que encontra-se uma pessoa sem cobertura de roupas?Nudez
50%
Que nome damos a uma mistura de óleos, álcool e água, cuja função é proporcionar uma agradável e duradoura fragrância de aroma a diferentes objetos, principalmente ao corpo humano?Perfume
50%
Que nome damos ao estado ou ato de ser responsável, de ter influência sobre certos eventos e possivelmente arcar com as consequências dos mesmos?Responsabilidade
50%
Que nome damos ao desporto náutico, praticado com uma canoa ou um caiaque?Canoagem
25%
Que nome damos a objetos ou elementos que esconde, cobre ou muda a aparência física de uma pessoa?Disfarce
25%
Que palavra é utilizada para designar os repórteres que fotografam famosos sem a sua autorização, expondo em público as suas atividades no seu cotidiano?Paparazzo
25%
Em que país podemos encontrar o Teatro Rivoli?Portugal
25%
Que nome damos ao estádio de desenvolvimento humano entre a infância e a adolescência?Pré-adolescência
25%
Que nome damos ao processo cognitivo que gera novas coisas, ideias, conceitos?Criatividade
0%
Que nome damos a um local destinado à prática da dança, por motivos lúdicos ou profissionais?Discoteca
0%
Que nome damos a uma afirmação expressa para transmitir segurança de que será cumprida, equiparável ao juramento ou compromisso?Promessa
0%

Distribuição das Pontuações

Percentil de Números Respondidos

Porcentagem de Pessoas com Cada Pontuação

Sua Pontuação Histórica

Você não jogou esse quiz